[Event "GMC"]
[Site "Wijk aan Zee NED"]
[Date "2004.01.17"]
[Round "6"]
[White "Smeets,J"]
[Black "Gagunashvili,M"]
[Result "1/2-1/2"]
[WhiteElo "2505"]
[BlackElo "2583"]
[EventDate "2004.01.10"]

1. e4 d6 2. d4 Nf6 3. Nc3 g6 4. f4 Bg7 5. Nf3 c5 6. Bb5+ Bd7 7. e5 Ng4 8.
e6 fxe6 9. Ng5 Bxb5 10. Nxb5 Qa5+ 11. c3 Qxb5 12. Qxg4 cxd4 13. Nxe6 Qc4
14. Nxg7+ Kf7 15. Nf5 Qe6+ 16. Ne3 dxe3 17. Qxe6+ Kxe6 18. Bxe3 Nc6 19. Ke2
b5 20. Rad1 a5 21. Kf3 Rhf8 22. Ke4 a4 23. g4 b4 24. c4 b3 25. axb3 Rfb8
26. Rd3 axb3 27. Kf3 g5 28. c5 dxc5 29. Bxc5 gxf4 30. Re1+ Kf7 31. Rd7 Rb5
32. Bxe7 Ne5+ 33. Rxe5 Rxe5 34. Bb4+ Ke8 35. Rxh7 Ra4 36. Bd2 Rb5 37. Rc7
Rd5 38. Bxf4 Rdd4 39. Be5 Rxg4 40. Rb7 Rab4 41. Rxb4 Rxb4 42. Ke3 Kd7 43.
Kd3 Ke6 44. Kc3 Rb5 45. Bg7 Kd5 46. Bf8 Rb8 47. Bb4 Rh8 48. Kxb3 Rxh2
1/2-1/2

[Event "GMC"]
[Site "Wijk aan Zee NED"]
[Date "2004.01.17"]
[Round "6"]
[White "Peng Zhaoqin"]
[Black "Bosboom Lanchava,T"]
[Result "0-1"]
[WhiteElo "2419"]
[BlackElo "2323"]
[EventDate "2004.01.10"]

1. d4 d6 2. Nf3 g6 3. c4 f5 4. Nc3 Nf6 5. b4 Bg7 6. Bb2 c6 7. e3 O-O 8. Bd3
e5 9. dxe5 dxe5 10. Nxe5 Qe7 11. Nf3 Qxb4 12. Qb3 Na6 13. O-O Nd7 14. Qc2
Qe7 15. Rad1 Nb4 16. Qb1 Nxd3 17. Rxd3 Nb6 18. Ne2 Bxb2 19. Qxb2 Nxc4 20.
Qc3 Be6 21. Nf4 Bf7 22. h4 Nb6 23. Rd2 Nd5 24. Qd4 Rad8 25. Rfd1 b6 26. Ng5
Rd7 27. Qa4 b5 28. Qa6 Rc7 29. Nxf7 Nxf4 30. Nd8 Ne2+ 31. Rxe2 Rxd8 32.
Rxd8+ Qxd8 33. Qa5 Rd7 34. Qb4 Rd1+ 35. Kh2 Qd6+ 36. Qxd6 Rxd6 37. Rc2 Kf7
38. Kg3 a5 39. a4 b4 40. Rc5 b3 41. Rxa5 Rd7 0-1

[Event "GMC"]
[Site "Wijk aan Zee NED"]
[Date "2004.01.17"]
[Round "6"]
[White "Ernst,S"]
[Black "Werle,J"]
[Result "1/2-1/2"]
[WhiteElo "2474"]
[BlackElo "2407"]
[EventDate "2004.01.10"]

1. d4 Nf6 2. c4 e6 3. Nc3 Bb4 4. Qc2 O-O 5. a3 Bxc3+ 6. Qxc3 b6 7. Bg5 Bb7
8. Nh3 c5 9. dxc5 bxc5 10. f3 h6 11. Be3 Na6 12. Bf2 d5 13. e3 Qb6 14. Rd1
Nc7 15. Be2 Rfe8 16. O-O e5 17. cxd5 Ncxd5 18. Qc2 e4 19. fxe4 Nxe4 20. Bc4
Ndf6 21. Bh4 Rad8 22. Nf2 Rxd1 23. Rxd1 Nd6 24. Ba2 Qc6 25. e4 Ndxe4 26.
Nxe4 Nxe4 27. Rf1 Nd6 28. Bb1 Qe4 29. Qxe4 Bxe4 30. Bf2 Bxb1 31. Rxb1 Ne4
32. Re1 Re6 33. Rc1 Nxf2 34. Kxf2 Rb6 35. Rc2 Rb3 36. Kf1 Rb5 37. Ke2 Kf8
38. Kd3 Ke7 39. Kc4 Rb7 40. Rd2 Rc7 41. Rd5 Ke6 42. Rxc5 Rd7 43. b4 f5 44.
a4 f4 45. Kb5 g5 46. Rc6+ 1/2-1/2

[Event "GMC"]
[Site "Wijk aan Zee NED"]
[Date "2004.01.17"]
[Round "6"]
[White "Pavlovic,Mi"]
[Black "Popov,Val"]
[Result "1-0"]
[WhiteElo "2548"]
[BlackElo "2580"]
[EventDate "2004.01.10"]

1. e4 c5 2. Nf3 d6 3. d4 cxd4 4. Nxd4 Nf6 5. Nc3 a6 6. Bg5 e6 7. f4 Qb6 8.
Qd2 Qxb2 9. Rb1 Qa3 10. f5 Nc6 11. fxe6 fxe6 12. Nxc6 bxc6 13. e5 dxe5 14.
Bxf6 gxf6 15. Ne4 Qxa2 16. Rd1 Be7 17. Bd3 f5 18. O-O Ra7 19. Be2 Rd7 20.
Qc3 Rxd1 21. Bh5+ Kf8 22. Rxd1 Rg8 23. Qxc6 Kg7 24. Qc7 Qa3 25. Nd6 Kf6 26.
Kf1 a5 27. Nxc8 Qc5 28. Qxe7+ Qxe7 29. Nxe7 Kxe7 30. Rb1 Ra8 31. Be2 Kd6
32. Bc4 Rc8 33. Rb6+ 1-0

[Event "GMC"]
[Site "Wijk aan Zee NED"]
[Date "2004.01.18"]
[Round "7"]
[White "Pavasovic,D"]
[Black "Ernst,S"]
[Result "1/2-1/2"]
[WhiteElo "2615"]
[BlackElo "2474"]
[EventDate "2004.01.10"]

1. e4 e5 2. Nf3 Nc6 3. d4 exd4 4. Nxd4 Nf6 5. Nxc6 bxc6 6. e5 Qe7 7. Qe2
Nd5 8. c4 Nb6 9. Nc3 a5 10. Qe4 g6 11. Bd3 Bg7 12. O-O O-O 13. Bf4 Ba6 14.
b3 f6 15. Rae1 fxe5 16. Bxe5 d5 17. Qe2 Bxe5 18. Qxe5 Qf7 1/2-1/2

[Event "GMC"]
[Site "Wijk aan Zee NED"]
[Date "2004.01.18"]
[Round "7"]
[White "Janssen,R"]
[Black "Peng Zhaoqin"]
[Result "1-0"]
[WhiteElo "2489"]
[BlackElo "2419"]
[EventDate "2004.01.10"]

1. Nf3 Nf6 2. c4 b6 3. g3 Bb7 4. Bg2 e6 5. O-O Be7 6. Nc3 O-O 7. Re1 Bb4 8.
Qc2 d6 9. e4 Bxc3 10. bxc3 e5 11. Nh4 g6 12. d3 Nh5 13. Bh6 Ng7 14. Qe2 Nd7
15. f4 exf4 16. gxf4 Re8 17. Qf2 Nc5 18. Rad1 Qf6 19. Qd4 Qxd4+ 20. cxd4
Nce6 21. d5 Nd4 22. Nf3 Nxf3+ 23. Bxf3 f6 24. Re2 Re7 25. Rg2 c6 26. f5
cxd5 27. cxd5 gxf5 28. exf5 Kh8 29. Be4 Rg8 30. Kf2 Ne8 31. Rxg8+ Kxg8 32.
Rc1 Kh8 33. Bf4 Kg7 34. Rg1+ Kh8 35. Bf3 Bc8 36. Be4 Bb7 37. h4 Rg7 38. Re1
Nc7 39. Bxd6 Nxd5 40. Bf3 Rd7 41. Re8+ 1-0

[Event "GMC"]
[Site "Wijk aan Zee NED"]
[Date "2004.01.18"]
[Round "7"]
[White "Werle,J"]
[Black "Smeets,J"]
[Result "0-1"]
[WhiteElo "2407"]
[BlackElo "2505"]
[EventDate "2004.01.10"]

1. Nf3 d5 2. d4 c6 3. c4 Nf6 4. Nc3 dxc4 5. a4 Bf5 6. Nh4 Bd7 7. g3 e6 8.
Bg2 c5 9. Bg5 Nc6 10. d5 Na5 11. O-O Qb6 12. e4 e5 13. Qe2 O-O-O 14. Nf5
Bxf5 15. exf5 h6 16. Be3 Bd6 17. Nb5 e4 18. Rad1 Be5 19. Bd2 Kb8 20. Qe1
Nb3 21. Bc3 Rhe8 22. d6 Bd4 23. Qe2 a6 24. Qxc4 axb5 25. Qxb3 e3 26. fxe3
Rxe3 27. Qxb5 Qxb5 28. axb5 Rxd6 29. Kh1 Re7 30. Bd2 Ka7 31. b4 c4 32. Bf4
Rd8 33. Rc1 c3 34. h3 Kb6 35. Rfd1 Kxb5 36. Rxc3 Bxc3 37. Rxd8 Bxb4 38.
Bf1+ Ka4 39. Bc4 b5 40. Ra8+ Ba5 41. Bd3 Rd7 42. Bc2+ Kb4 43. Kg2 Bc7 44.
Bc1 Kc3 45. Ra2 Nh5 46. g4 Bf4 47. Bb2+ Kxc2 48. Bxg7+ Kb3 49. Rb2+ Ka3 50.
gxh5 Rd2+ 51. Rxd2 Bxd2 52. Kf3 Kb3 53. Ke4 Kc4 0-1

[Event "GMC"]
[Site "Wijk aan Zee NED"]
[Date "2004.01.19"]
[Round "8"]
[White "Pavlovic,Mi"]
[Black "Janssen,R"]
[Result "1-0"]
[WhiteElo "2548"]
[BlackElo "2489"]
[EventDate "2004.01.10"]

1. e4 c5 2. Nf3 d6 3. d4 cxd4 4. Nxd4 Nf6 5. Nc3 a6 6. Bg5 e6 7. f4 Nbd7 8.
Qf3 Qc7 9. O-O-O b5 10. Bd3 Bb7 11. Rhe1 O-O-O 12. f5 e5 13. Nb3 Be7 14. a4
Nxe4 15. Bxe4 Bxg5+ 16. Kb1 bxa4 17. Bxb7+ Qxb7 18. Ne4 Be7 19. Na5 Qc7 20.
Nc3 Qxa5 21. Qa8+ Nb8 22. Nd5 Rd7 23. Re4 Rc7 24. Rxa4 Qc5 25. Rc4 Qxc4 26.
Nb6+ Kd8 27. Nxc4 Rxc4 28. Qxb8+ Rc8 29. Qa7 h5 30. Rd3 Rh6 31. Rb3 Rc7 32.
Rb8+ Kd7 33. Qxa6 d5 34. Qb5+ 1-0

[Event "GMC"]
[Site "Wijk aan Zee NED"]
[Date "2004.01.19"]
[Round "8"]
[White "Peng Zhaoqin"]
[Black "Gagunashvili,M"]
[Result "1-0"]
[WhiteElo "2419"]
[BlackElo "2583"]
[EventDate "2004.01.10"]

1. d4 Nf6 2. Nf3 d5 3. c4 e6 4. Nc3 c5 5. cxd5 Nxd5 6. e3 cxd4 7. exd4 Bb4
8. Bd2 Nc6 9. Bb5 O-O 10. Bxc6 bxc6 11. O-O c5 12. dxc5 Nxc3 13. Bxc3 Bxc5
14. Ne5 Qg5 15. Qf3 Rb8 16. Rfd1 Rb7 17. g3 Rc7 18. h4 Qe7 19. Nc6 Bxf2+
20. Kxf2 Qc5+ 21. Nd4 e5 22. Qe3 exd4 23. Qxd4 Qf5+ 24. Kg1 Rxc3 25. Qxc3
Bb7 26. Rd2 Qh3 27. Rh2 Qe6 28. Rd2 Re8 29. Rf1 h5 30. Qb3 Qe7 31. Rdf2 Rf8
32. Kh2 g6 33. Qa3 Qe4 34. Qxa7 Bd5 35. b3 Re8 36. Qc5 Re5 37. Qc8+ Kg7 38.
Qc2 Qg4 39. Qc3 Qe4 40. Qc2 Qg4 41. Qd3 Kg8 42. Rf4 Qc8 43. Qd4 Qc2+ 44.
R4f2 Qc7 45. b4 f5 46. Rd1 Qe7 47. b5 g5 48. hxg5 h4 49. gxh4 Kh7 50. Rg1
Kg6 51. h5+ Kxh5 52. g6 Be4 53. Rg3 Qc7 54. Qd2 1-0

[Event "GMC"]
[Site "Wijk aan Zee NED"]
[Date "2004.01.19"]
[Round "8"]
[White "Lahno,Kateri"]
[Black "Barendse,T"]
[Result "1-0"]
[WhiteElo "2493"]
[BlackElo "2206"]
[EventDate "2004.01.10"]

1. e4 c5 2. Nf3 d6 3. d4 cxd4 4. Nxd4 Nf6 5. Nc3 g6 6. Be3 Bg7 7. f3 Nc6 8.
Qd2 O-O 9. O-O-O Nxd4 10. Bxd4 Be6 11. g4 Qa5 12. Kb1 Rfc8 13. a3 Rab8 14.
h4 b5 15. Nd5 Qxd2 16. Rxd2 Nxd5 17. exd5 Bxd4 18. Rxd4 Bd7 19. Bd3 h6 20.
Re1 Re8 21. Kc1 Kg7 22. Kd2 Rbc8 23. f4 f5 24. h5 gxh5 25. gxf5 Kf6 26. Rh1
Bxf5 27. Rxh5 Bxd3 28. Rxd3 Rh8 29. Rdh3 Kg6 30. f5+ Kg7 31. Re3 Kf7 32. c3
Rc5 33. Rd3 Rg8 34. Rxh6 Rg2+ 35. Kc1 Rf2 36. Rh7+ Kf8 37. Re3 Rxd5 38.
Rexe7 Rdd2 39. f6 Rc2+ 40. Kd1 Rh2 41. Rh8+ Rxh8 42. Kxc2 Rh6 43. Rxa7 Rxf6
44. Rb7 Rf5 45. Kb3 Ke8 46. Kb4 Kd8 47. Rxb5 Rf2 48. b3 Kc7 49. a4 1-0

[Event "GMC"]
[Site "Wijk aan Zee NED"]
[Date "2004.01.19"]
[Round "8"]
[White "Ernst,S"]
[Black "Etmans,M"]
[Result "1-0"]
[WhiteElo "2474"]
[BlackElo "2225"]
[EventDate "2004.01.10"]

1. Nf3 d6 2. d4 Bg4 3. e4 Nd7 4. Nbd2 e5 5. c3 Ngf6 6. Bc4 Nb6 7. Bb3 Be7
8. dxe5 Bxf3 9. Nxf3 Nxe4 10. exd6 Qxd6 11. Qe2 Nf6 12. O-O O-O 13. Rd1 Qc5
14. Be3 Qc6 15. Bxb6 axb6 16. Qxe7 Rae8 17. Qb4 Re4 18. Rd4 Rfe8 19. Ba4
1-0

[Event "GMC"]
[Site "Wijk aan Zee NED"]
[Date "2004.01.19"]
[Round "8"]
[White "Popov,Val"]
[Black "Bosboom Lanchava,T"]
[Result "1-0"]
[WhiteElo "2580"]
[BlackElo "2323"]
[EventDate "2004.01.10"]

1. d4 d6 2. e4 g6 3. c4 Bg7 4. Nc3 Nd7 5. Bg5 f6 6. Be3 Nh6 7. h4 e5 8. d5
Nf8 9. f3 f5 10. Qd2 f4 11. Bf2 Nf7 12. O-O-O a6 13. Kb1 Nd7 14. Nge2 Nf6
15. g3 fxg3 16. Nxg3 Bh6 17. Qd3 Qe7 18. b3 Bd7 19. Kb2 Bf4 20. Nce2 b5 21.
cxb5 axb5 22. Qc3 O-O 23. Nxf4 exf4 24. Ne2 Ne5 25. Nd4 Rfb8 26. Rc1 b4 27.
Qd2 Ra5 28. Be2 Rba8 29. Ra1 Neg4 30. Bg1 Qe5 31. Qxb4 Ne3 32. Bxe3 fxe3
33. Qc3 Rc5 34. Bc4 Nh5 35. Qxe3 Rxc4 36. bxc4 c5 37. dxc6 Rb8+ 38. Kc2
Bxc6 39. Rab1 Ba4+ 40. Kd2 Rc8 41. Ne2 Rxc4 42. Rb8+ Kg7 43. Qa7+ Kh6 44.
Rc1 Rxc1 45. Kxc1 Qa1+ 46. Rb1 Qxa2 47. Qe3+ Kg7 48. Rb7+ Kg8 49. Qc3 Nf6
50. Nf4 Qh2 51. Nd5 Nd7 52. Qc8+ Kg7 53. Rxd7+ Bxd7 54. Qxd7+ Kh6 55. Qg4
1-0

[Event "GMC"]
[Site "Wijk aan Zee NED"]
[Date "2004.01.20"]
[Round "9"]
[White "Werle,J"]
[Black "Peng Zhaoqin"]
[Result "1-0"]
[WhiteElo "2407"]
[BlackElo "2419"]
[EventDate "2004.01.10"]

1. Nf3 Nf6 2. c4 e6 3. Nc3 Bb4 4. Qc2 O-O 5. a3 Bxc3 6. Qxc3 b6 7. e3 Bb7
8. Be2 d6 9. b4 Nbd7 10. Bb2 e5 11. O-O c5 12. d4 Ne4 13. Qc2 Ng5 14. d5
Nxf3+ 15. Bxf3 a5 16. bxa5 Rxa5 17. Bc3 Ra6 18. a4 Nf6 19. Be2 Qe7 20. f4
exf4 21. exf4 Ne4 22. Bb2 f5 23. Bd3 Bc8 24. Rae1 Qh4 25. Bxe4 fxe4 26.
Rxe4 Bf5 27. Qc3 Ra7 28. Re3 h6 29. Qb3 Qd8 30. h3 Bd7 31. Qc3 Rf7 32. Qe1
Rxa4 33. f5 Ra2 34. Qb1 Qg5 35. Ref3 Ra4 36. f6 Rxc4 37. fxg7 Rcf4 38. Qa1
Kh7 39. Qa8 Rxg7 40. Bxg7 Rxf3 41. Qh8+ Kg6 42. Rxf3 1-0

[Event "GMC"]
[Site "Wijk aan Zee NED"]
[Date "2004.01.20"]
[Round "9"]
[White "Janssen,R"]
[Black "Popov,Val"]
[Result "1/2-1/2"]
[WhiteElo "2489"]
[BlackElo "2580"]
[EventDate "2004.01.10"]

1. d4 d5 2. c4 c6 3. Nf3 e6 4. Nc3 Nf6 5. Bg5 h6 6. Bh4 dxc4 7. e4 b5 8. e5
g5 9. exf6 gxh4 10. Ne5 Qxf6 11. g3 Nd7 12. Qe2 Bb7 13. Bg2 Nxe5 14. dxe5
Qe7 15. O-O-O Bg7 16. f4 O-O 17. Rd6 Rad8 18. Rhd1 hxg3 19. hxg3 Rxd6 20.
exd6 Qd8 21. d7 Qa5 22. f5 exf5 23. Qe8 Bf6 24. a3 Qc7 25. Ne2 c5 26. Bxb7
Qxb7 27. Nc3 Qg2 28. Qc8 Rd8 29. Qxc5 Qxg3 30. Kb1 Qf3 31. Qd6 Bxc3 32.
bxc3 Qxc3 33. Qe7 Qb3+ 34. Kc1 c3 35. Qxd8+ Kh7 36. Rd2 Qxa3+ 37. Kd1 Qa4+
38. Ke1 Qf4 39. Re2 Qg3+ 40. Kf1 Qf3+ 41. Ke1 Qg3+ 42. Kf1 Qf3+ 43. Ke1
Qg3+ 44. Kf1 1/2-1/2

[Event "GMC"]
[Site "Wijk aan Zee NED"]
[Date "2004.01.20"]
[Round "9"]
[White "Gagunashvili,M"]
[Black "Pavlovic,Mi"]
[Result "1/2-1/2"]
[WhiteElo "2583"]
[BlackElo "2548"]
[EventDate "2004.01.10"]

1. d4 Nf6 2. Nf3 g6 3. c4 Bg7 4. g3 d5 5. cxd5 Nxd5 6. Bg2 Nb6 7. Nc3 Nc6
8. e3 O-O 9. O-O Re8 10. Re1 a5 11. b3 e5 12. dxe5 Bg4 13. Qc2 Nb4 14. Qe2
Qd3 15. Bb2 Qxe2 16. Rxe2 Nd3 17. Rd2 Nxb2 1/2-1/2

[Event "GMC"]
[Site "Wijk aan Zee NED"]
[Date "2004.01.20"]
[Round "9"]
[White "Bosboom Lanchava,T"]
[Black "Lahno,Kateri"]
[Result "1/2-1/2"]
[WhiteElo "2323"]
[BlackElo "2493"]
[EventDate "2004.01.10"]

1. d4 Nf6 2. Nf3 e6 3. c4 b6 4. g3 Bb7 5. Bg2 Be7 6. Nc3 O-O 7. O-O Ne4 8.
Qc2 Nxc3 9. Qxc3 c5 10. b3 Bf6 11. Bb2 d6 12. Qc2 Nc6 13. Rad1 Qe7 14. d5
exd5 15. cxd5 Nb4 16. Bxf6 Qxf6 17. Qd2 a5 18. a3 Na6 19. e4 Nc7 20. Rfe1
Rfe8 21. Qc2 Rad8 22. Nd2 1/2-1/2

[Event "GMC"]
[Site "Wijk aan Zee NED"]
[Date "2004.01.20"]
[Round "9"]
[White "Etmans,M"]
[Black "Smeets,J"]
[Result "0-1"]
[WhiteElo "2225"]
[BlackElo "2505"]
[EventDate "2004.01.10"]

1. e4 c5 2. Nf3 e6 3. b3 Nf6 4. Nc3 Nc6 5. Bb2 d6 6. Bb5 Bd7 7. O-O Qc7 8.
Bxc6 Bxc6 9. Qe2 Be7 10. d4 cxd4 11. Nxd4 Bd7 12. Rad1 a6 13. a4 O-O 14.
Rd2 Rfc8 15. Rfd1 Qa5 16. Rd3 Rc5 17. Nb1 Re5 18. Re3 b5 19. f4 Rc5 20.
axb5 axb5 21. b4 Qxb4 22. Ba3 Qc4 23. Bxc5 Qxc5 24. Kh1 h6 25. Rc3 Qb6 26.
h3 Ra4 27. Rcd3 Rc4 28. c3 Qc7 29. Na3 Rc5 30. Re3 Qa5 31. Qb2 Qa8 32. Rde1
e5 33. fxe5 Rxe5 34. Naxb5 Qb7 35. c4 Nxe4 36. Kh2 Bg5 37. R3e2 Bf4+ 38.
Kg1 Bg3 39. Ra1 Qb6 40. Ra3 Bxb5 41. Rb3 Nc3 42. Qxc3 Rxe2 0-1

[Event "GMC"]
[Site "Wijk aan Zee NED"]
[Date "2004.01.20"]
[Round "9"]
[White "Barendse,T"]
[Black "Ernst,S"]
[Result "0-1"]
[WhiteElo "2206"]
[BlackElo "2474"]
[EventDate "2004.01.10"]

1. e4 e5 2. Nf3 Nc6 3. Bb5 a6 4. Ba4 Nf6 5. O-O Nxe4 6. d4 b5 7. Bb3 d5 8.
dxe5 Be6 9. Nbd2 Nc5 10. c3 d4 11. Bxe6 Nxe6 12. cxd4 Ncxd4 13. Ne4 Be7 14.
Be3 Nf5 15. Qc2 O-O 16. Nf6+ Bxf6 17. Qxf5 Be7 18. Rfd1 Qc8 19. Qe4 c5 20.
a4 c4 21. h3 Rb8 22. axb5 axb5 23. Ra7 Bc5 24. Bxc5 Nxc5 25. Qd5 Nd3 26.
Nd4 Nxb2 27. e6 Nxd1 28. exf7+ Kh8 29. Ne6 Ra8 30. Nxf8 Rxa7 31. Nd7 Ra1
32. Kh2 Ne3 33. fxe3 Rf1 34. Ne5 g6 35. Qd4 Qc7 36. g3 Kg7 37. Nxc4+ Kxf7
38. Qd5+ Kg7 39. Qxb5 Rf2+ 40. Kh1 Qxg3 0-1

[Event "GMC"]
[Site "Wijk aan Zee NED"]
[Date "2004.01.22"]
[Round "10"]
[White "Popov,Val"]
[Black "Gagunashvili,M"]
[Result "0-1"]
[WhiteElo "2580"]
[BlackElo "2583"]
[EventDate "2004.01.10"]

1. d4 d5 2. c4 c6 3. Nc3 Nf6 4. e3 g6 5. Nf3 Bg7 6. Bd3 O-O 7. O-O Bg4 8.
h3 Bxf3 9. Qxf3 Qd6 10. Rd1 Nbd7 11. Qe2 e5 12. dxe5 Nxe5 13. cxd5 Nxd5 14.
Nxd5 Nxd3 15. Rxd3 cxd5 16. Bd2 Rfc8 17. Rb3 b6 18. Bb4 Qe6 19. Qd2 Rc4 20.
Rd3 Rac8 21. Rxd5 0-1

[Event "GMC"]
[Site "Wijk aan Zee NED"]
[Date "2004.01.22"]
[Round "10"]
[White "Bosboom Lanchava,T"]
[Black "Janssen,R"]
[Result "1-0"]
[WhiteElo "2323"]
[BlackElo "2489"]
[EventDate "2004.01.10"]

1. d4 e6 2. Nf3 c5 3. e3 Nf6 4. c4 cxd4 5. exd4 d5 6. Nc3 Bb4 7. Bd3 dxc4
8. Bxc4 O-O 9. O-O b6 10. Bg5 Bb7 11. Ne5 Nc6 12. Bxf6 gxf6 13. Nxc6 Bxc6
14. d5 Bxc3 15. Qg4+ Kh8 16. dxc6 Bxb2 17. Rad1 Qc7 18. Bxe6 Rg8 19. Qh3
Raf8 20. Bf5 Rg7 21. Qf3 Be5 22. g3 b5 23. Rd7 Qb6 24. Rc1 Bc7 25. Qe3 Rg5
26. Qxb6 Bxb6 27. g4 Rc8 28. c7 Rxf5 29. gxf5 Kg7 30. Rc6 b4 31. Kf1 1-0

[Event "GMC"]
[Site "Wijk aan Zee NED"]
[Date "2004.01.23"]
[Round "11"]
[White "Werle,J"]
[Black "Popov,Val"]
[Result "1-0"]
[WhiteElo "2407"]
[BlackElo "2580"]
[EventDate "2004.01.10"]

1. Nf3 c5 2. c4 Nf6 3. Nc3 d5 4. cxd5 Nxd5 5. d4 Nxc3 6. bxc3 g6 7. Bg5 Bg7
8. Qd2 Bg4 9. Rb1 h6 10. Be3 Nd7 11. g3 Bf5 12. Rc1 Nb6 13. c4 Be4 14. d5
Na4 15. Bg2 Bb2 16. Bxh6 f6 17. h4 Bxc1 18. Qxc1 Qa5+ 19. Bd2 Qa6 20. O-O
Nb6 21. d6 Qxc4 22. Qa1 Qd5 23. Bf4 Rd8 24. dxe7 Kxe7 25. g4 Bxf3 26. Bxf3
Qd4 27. Qc1 Rxh4 28. e3 Qc4 29. Qb2 g5 30. Bg3 Rxg4 31. Bxg4 Qxg4 32. Qc2
Qf3 33. Qh7+ Ke6 34. e4 Nd7 35. Qh3+ g4 36. Qh7 c4 37. Re1 c3 38. Re3 Nf8
39. Qg8+ 1-0

[Event "GMC"]
[Site "Wijk aan Zee NED"]
[Date "2004.01.23"]
[Round "11"]
[White "Pavasovic,D"]
[Black "Pavlovic,Mi"]
[Result "1-0"]
[WhiteElo "2615"]
[BlackElo "2548"]
[EventDate "2004.01.10"]

1. e4 c5 2. c3 d5 3. exd5 Qxd5 4. d4 Nf6 5. Nf3 Bg4 6. dxc5 Qxc5 7. Na3 a6
8. h3 Bh5 9. Be3 Qc7 10. Nc4 Nc6 11. Bb6 Qf4 12. Qd2 Qxd2+ 13. Nfxd2 Nd5
14. Be2 Bxe2 15. Kxe2 e6 16. Ne4 f5 17. Ng5 Be7 18. Nxe6 Kf7 19. Nc7 Nxb6
20. Nxb6 Rad8 21. Rhd1 Bc5 22. Ncd5 Rhe8+ 23. Kf1 Re6 24. Nc4 b5 25. Nce3
Red6 26. Ke2 g5 27. g3 Ne5 28. b4 Bxe3 29. Nxe3 f4 30. Rxd6 Rxd6 31. gxf4
gxf4 32. Nf5 Rd3 33. a4 Rxc3 34. axb5 axb5 35. Nd6+ Ke6 36. Nxb5 Rxh3 37.
Ra6+ Kd5 38. Nc7+ Ke4 39. b5 Rb3 40. Ra4+ 1-0

[Event "GMC"]
[Site "Wijk aan Zee NED"]
[Date "2004.01.23"]
[Round "11"]
[White "Ernst,S"]
[Black "Smeets,J"]
[Result "1-0"]
[WhiteElo "2474"]
[BlackElo "2505"]
[EventDate "2004.01.10"]

1. d4 d5 2. c4 c6 3. Nf3 Nf6 4. Nc3 dxc4 5. a4 Bf5 6. Ne5 Nbd7 7. Nxc4 Qc7
8. g3 e5 9. dxe5 Nxe5 10. Bf4 Nfd7 11. Bg2 g5 12. Ne3 gxf4 13. Nxf5 O-O-O
14. Qc2 Kb8 15. O-O fxg3 16. hxg3 h5 17. Rfd1 Ng6 18. Rac1 h4 19. Nb5 Qb6
20. Nbd4 hxg3 21. a5 gxf2+ 22. Kf1 Qc7 23. Qb3 Qh2 24. Nf3 Qf4 25. a6 Bb4
26. N5d4 c5 27. Qd5 Qc7 28. Qxf7 Nge5 29. Nxe5 Qxe5 30. Qf3 Qc7 31. Ne6 Ne5
32. Rxd8+ Rxd8 33. Qe4 1-0

[Event "GMC"]
[Site "Wijk aan Zee NED"]
[Date "2004.01.23"]
[Round "11"]
[White "Etmans,M"]
[Black "Peng Zhaoqin"]
[Result "1/2-1/2"]
[WhiteElo "2225"]
[BlackElo "2419"]
[EventDate "2004.01.10"]

1. e4 c5 2. Nf3 Nc6 3. Bb5 e6 4. Bxc6 bxc6 5. d3 Qc7 6. O-O Ne7 7. Ng5 h6
8. Nh3 d6 9. f4 g6 10. Bd2 Bg7 11. Bc3 Bd4+ 12. Kh1 Rb8 13. Nd2 e5 14. fxe5
dxe5 15. Qf3 Be6 16. Nb3 Qd6 17. Qf6 Kd7 18. Ng1 g5 19. Nf3 Ng6 20. Bd2
Bxb2 21. Rab1 Ba3 22. Bc3 Bxb3 23. Nxe5+ Nxe5 24. Bxe5 Qxf6 25. Rxf6 Bxa2
26. Rxb8 Rxb8 27. Bxb8 a5 28. Be5 Bb1 29. Rd6+ Ke7 30. Rxc6 Bxc2 31. Ra6
Bb4 32. d4 Bd3 33. Rb6 c4 34. d5 Bxe4 35. Rb7+ Kd8 36. Rb8+ Kd7 37. Rb7+
Kd8 38. Rb8+ 1/2-1/2

[Event "GMC"]
[Site "Wijk aan Zee NED"]
[Date "2004.01.24"]
[Round "12"]
[White "Peng Zhaoqin"]
[Black "Barendse,T"]
[Result "1-0"]
[WhiteElo "2419"]
[BlackElo "2206"]
[EventDate "2004.01.10"]

1. d4 Nf6 2. c4 c5 3. d5 g6 4. Nc3 Bg7 5. e4 d6 6. Nf3 O-O 7. h3 e6 8. Bd3
Re8 9. O-O Na6 10. Bg5 h6 11. Be3 exd5 12. exd5 Nb4 13. Bb1 Bd7 14. a3 Na6
15. Qd2 Kh7 16. Bd3 Nc7 17. Bf4 Qe7 18. Bh2 Rad8 19. b4 b6 20. Rab1 Bc8 21.
bxc5 bxc5 22. Qc2 Qd7 23. Nd2 Re7 24. Nb3 Ba6 25. Na5 Ree8 26. Nc6 Ra8 27.
Rfd1 Nfxd5 28. cxd5 Nxd5 29. Nxd5 Bxd3 30. Qxd3 Qxc6 31. Qf3 Qd7 32. Rb7
Qe6 33. Bg3 1-0

[Event "GMC"]
[Site "Wijk aan Zee NED"]
[Date "2004.01.24"]
[Round "12"]
[White "Bosboom Lanchava,T"]
[Black "Werle,J"]
[Result "1/2-1/2"]
[WhiteElo "2323"]
[BlackElo "2407"]
[EventDate "2004.01.10"]

1. d4 Nf6 2. Nf3 e6 3. c4 b6 4. g3 Ba6 5. Nbd2 c5 6. Bg2 Bb7 7. O-O cxd4 8.
Nxd4 Bxg2 9. Kxg2 Be7 10. e4 Qc7 11. Qf3 1/2-1/2

[Event "GMC"]
[Site "Wijk aan Zee NED"]
[Date "2004.01.24"]
[Round "12"]
[White "Pavlovic,Mi"]
[Black "Etmans,M"]
[Result "1-0"]
[WhiteElo "2548"]
[BlackElo "2225"]
[EventDate "2004.01.10"]

1. e4 e6 2. d4 d5 3. Nc3 dxe4 4. Nxe4 Bd7 5. Nf3 Bc6 6. Bd3 Nd7 7. O-O Ngf6
8. Ned2 Be7 9. Re1 b6 10. c4 O-O 11. b3 Bb7 12. Qe2 Re8 13. Bb2 c5 14. Rad1
cxd4 15. Nxd4 Qc7 16. Ne4 Bxe4 17. Bxe4 Nxe4 18. Qxe4 Nf6 19. Nb5 Qc8 20.
Bxf6 gxf6 21. Rd3 Bb4 22. Red1 a6 23. Rg3+ Kf8 24. Qxh7 Ke7 25. Nd4 Bd6 26.
Rg7 Rf8 27. Qe4 Rd8 28. Nc6+ Kf8 29. Qh7 1-0

[Event "GMC"]
[Site "Wijk aan Zee NED"]
[Date "2004.01.24"]
[Round "12"]
[White "Janssen,R"]
[Black "Gagunashvili,M"]
[Result "1-0"]
[WhiteElo "2489"]
[BlackElo "2583"]
[EventDate "2004.01.10"]

1. d4 d5 2. c4 c6 3. cxd5 cxd5 4. Nf3 Nf6 5. Nc3 Nc6 6. Bf4 a6 7. e3 Bg4 8.
h3 Bxf3 9. Qxf3 e6 10. Bd3 Bd6 11. Rc1 Bxf4 12. Qxf4 O-O 13. O-O Rc8 14.
Rfd1 Qc7 15. Qxc7 Rxc7 16. Na4 Nd7 17. Nc5 Ndb8 18. a3 Rfc8 19. b4 g6 20.
Rb1 Na7 21. a4 Rd8 22. f4 Nc8 23. Kf2 Nd6 24. a5 Nd7 25. Ke2 Kf8 26. g4 Ke7
27. h4 Nf6 28. g5 Nfe4 29. Bxe4 Nxe4 30. Nxe4 dxe4 31. Rdc1 Rc6 32. Rc5 Kd6
33. Rbc1 h6 34. Kf2 Rh8 35. Kg3 h5 36. Kf2 Rhc8 37. Ke2 Rd8 38. Kd2 Kc7 39.
Kc3 b6 40. axb6+ Kxb6 41. Kb3 Rxc5 42. bxc5+ Kc6 43. Kc4 a5 44. Rb1 Ra8 45.
Rb6+ Kc7 46. Kb3 a4+ 47. Ka3 Ra7 48. Rb4 Kc6 49. Rxa4 Rb7 50. Rb4 Ra7+ 51.
Ra4 Rb7 52. Rb4 Ra7+ 53. Kb2 Kd5 54. Rb3 Kc4 55. Rc3+ Kd5 56. Ra3 Rb7+ 57.
Kc2 Kc4 58. Ra1 Kd5 59. Kc3 Kc6 60. Ra6+ Kc7 61. Kc4 Rb1 62. Ra7+ Kc6 63.
Rxf7 Rc1+ 64. Kb3 Rb1+ 65. Kc3 Rc1+ 66. Kd2 Rh1 67. Re7 Kd5 68. c6 Kxc6 69.
Rxe6+ Kd5 70. Re5+ Kc4 71. Rxe4 Rxh4 72. Ke2 Rh2+ 73. Kf3 h4 74. Re6 Kd3
75. Rxg6 1-0

[Event "GMC"]
[Site "Wijk aan Zee NED"]
[Date "2004.01.24"]
[Round "12"]
[White "Lahno,Kateri"]
[Black "Smeets,J"]
[Result "0-1"]
[WhiteElo "2493"]
[BlackElo "2505"]
[EventDate "2004.01.10"]

1. e4 e6 2. d4 d5 3. Nc3 Bb4 4. e5 c5 5. a3 Bxc3+ 6. bxc3 Ne7 7. Qg4 O-O 8.
Bd3 Nbc6 9. Qh5 Ng6 10. Nf3 Qc7 11. Be3 c4 12. Bxg6 fxg6 13. Qg4 Qf7 14.
Ng5 Qe8 15. h4 h6 16. Nh3 Bd7 17. Qe2 b5 18. g4 a5 19. Nf4 Ne7 20. h5 g5
21. Nh3 b4 22. f4 gxf4 23. Bxf4 bxc3 24. Qe3 Ba4 25. Qxc3 Rb8 26. Kd2 Qb5
27. Ra2 Qb6 28. Ke2 Nc6 29. Be3 Na7 30. Bf2 Qa6 31. Ke3 Rf7 32. Be1 Rbf8
33. Qxa5 Rf3+ 34. Ke2 Qxa5 35. Bxa5 Nc6 36. Bb6 c3 0-1